| 000 | 00769nam a22001577a 4500 | ||
|---|---|---|---|
| 008 | 180427b xxu||||| |||| 00| 0 eng d | ||
| 020 | _a9789682325892 | ||
| 082 |
_a370.1 _bF866p |
||
| 100 |
_aFreire, Paulo _96237 |
||
| 245 | _aPedagogía del oprimido | ||
| 260 |
_aMéxico _bSiglo Veintiuno Editores _c2005 |
||
| 300 |
_a248 p. _c21 cm |
||
| 505 |
_tAprender a decir su palabra. El método de alfabetización del profesor Paulo Freire _rMaría Fiori, Ernani _tPrimeras palabras _rFreire, Paulo _tCapítulo I. _tCapítulo II. _tCapítulo III. _tCapítulo IV. _tDatos biográficos _tBibliografía de Paulo Freire |
||
| 650 |
_2Educación _xFilosofía de la educación _xEducación popular _xFilosofía para adultos _xAlfabetización _96244 |
||
| 700 |
_aMellado, Jorge (Traductor) _96245 |
||
| 999 |
_c1428 _d1428 |
||